| 000 | 00670nam a2200253Ia 4500 | ||
|---|---|---|---|
| 003 | OSt | ||
| 005 | 20220925231758.0 | ||
| 006 | a|||||r|||| 00| 0 | ||
| 007 | ta | ||
| 008 | 220923b |||||||| |||| 00| 0 eng d | ||
| 020 | _a262130548 | ||
| 037 | _cGeneral Book | ||
| 040 |
_aRTL _cRTL _beng |
||
| 041 |
_2eng _aeng |
||
| 082 | _aX9(D7), K9 | ||
| 100 | _aMacavoy Paul W | ||
| 245 | 0 | _aEconomic strategy for developing nuclear breeder r | |
| 260 |
_aMass _bM I T _c1969 |
||
| 300 |
_axii, 204p. _ccm. |
||
| 500 | _aAppendix P 102-99 | ||
| 650 | _aElectrical | ||
| 942 |
_hX9(D7), K9 _cGB _2CC |
||
| 999 |
_c589434 _d589434 |
||